EC mark (Record no. 5224)
[ view plain ]
| 000 -LEADER | |
|---|---|
| fixed length control field | 00447nam a22001697a 4500 |
| 003 - CONTROL NUMBER IDENTIFIER | |
| control field | OSt |
| 005 - DATE AND TIME OF LATEST TRANSACTION | |
| control field | 20220107122815.0 |
| 008 - FIXED-LENGTH DATA ELEMENTS--GENERAL INFORMATION | |
| fixed length control field | 160614b xxu||||| |||| 00| 0 eng d |
| 040 ## - CATALOGING SOURCE | |
| Transcribing agency | IIITMK |
| 100 ## - MAIN ENTRY--PERSONAL NAME | |
| Personal name | Anziya M (93614002) |
| 9 (RLIN) | 9790 |
| 245 ## - TITLE STATEMENT | |
| Title | EC mark |
| 300 ## - PHYSICAL DESCRIPTION | |
| Extent | CSIS - Mini Project |
| 502 ## - DISSERTATION NOTE | |
| Degree type | MSc CSIS<br/> |
| Name of granting institution | 2014-16 |
| Year degree granted | INT |
| -- | Dr. Sabu S Thampi |
| 650 ## - SUBJECT ADDED ENTRY--TOPICAL TERM | |
| Topical term or geographic name entry element | WATERMARKING ALGORITHMS |
| 9 (RLIN) | 9791 |
| 650 ## - SUBJECT ADDED ENTRY--TOPICAL TERM | |
| Topical term or geographic name entry element | QUADTREE ALGORITHMS |
| 9 (RLIN) | 9792 |
| 942 ## - ADDED ENTRY ELEMENTS (KOHA) | |
| Source of classification or shelving scheme | Dewey Decimal Classification |
| Koha item type | |
| Withdrawn status | Lost status | Source of classification or shelving scheme | Damaged status | Not for loan | Home library | Current library | Date acquired | Total Checkouts | Barcode | Date last seen | Price effective from | Koha item type |
|---|---|---|---|---|---|---|---|---|---|---|---|---|
| Dewey Decimal Classification | IIITM-K | Kerala University of Digital Sciences, Innovation and Technology Knowledge Centre | 14/06/2016 | R-755 | 14/06/2016 | 14/06/2016 | Project Reports |